| 000 | 00475nam a2200205Ia 4500 | ||
|---|---|---|---|
| 003 | OSt | ||
| 005 | 20140311163141.0 | ||
| 008 | 140130s9999 xx 000 0 und d | ||
| 020 | _a1597070432 | ||
| 050 |
_aPZ 7 _b.T717t1 2006 |
||
| 245 | _aThe OP and futureshock / | ||
| 260 |
_bScholastic, _c2006. _aNew York : |
||
| 300 |
_a96 p. : _bcol. ill. ; _c18 cm. |
||
| 440 | _v1 | ||
| 521 | _aG5 | ||
| 526 | _c700 | ||
| 942 |
_cBK _2lcc |
||
| 999 |
_c41929 _d41929 |
||